000 01318cam a22003614a 4500
001 12206595
005 20161015114432.0
008 001020s2001 njua bf 001 0 eng
010 _a 00052408
020 _a0-13-031102-2 (pbk. : alk. paper)
035 _a(DNLM)100968291
040 _aDNLM/DLC
_cDLC
_dDLC
042 _apcc
050 0 0 _aRT50.5
_b.H43 2001
060 1 0 _aWY 26.5
_bH443h 2001
082 0 0 _aDC 610.730285
_22001
_bH35h
100 1 _aHebda, Toni.
245 1 0 _aHandbook of informatics for nurses and health care professionals /
_cToni Hebda, Patricia Czar, Cynthia Mascara.
250 _aSecond Edition
260 _aUpper Saddle River, NJ :
_bPrentice Hall,
_cc2001.
300 _axxiv, 387 pages :
_billustrations ;
_c23 cm.
504 _aIncludes bibliographical references and index.
650 0 _aNursing informatics
_vHandbooks, manuals, etc.
650 0 _aMedical informatics
_vHandbooks, manuals, etc.
650 1 2 _aMedical Informatics.
650 1 2 _aNursing.
700 1 _aCzar, Patricia.
700 1 _aMascara, Cynthia.
365 _b3,000.00
_cPhp
906 _a7
_bcbc
_corignew
_d1
_eocip
_f20
_gy-gencatlg
942 _2ddc
_cDC
999 _c5250
_d5250